[Event "40th NED-ch"]
[Site "Hilversum NED"]
[Date "1984.09.05"]
[Round "5"]
[White "Van Wijgerden, Cornelis"]
[Black "Ree, Hans"]
[Result "1/2-1/2"]
[WhiteElo "2435"]
[BlackElo "2465"]
[EventDate "1984.08.31"]
[PlyCount "83"]

1.e4 e6 2.d4 d5 3.Nc3 Bb4 4.Ne2 Nf6 5.Bg5 dxe4 6.a3 Be7 7.Bxf6 gxf6 8.Nxe4
b6 9.N2c3 f5 10.Ng3 Bb7 11.d5 Bf6 12.dxe6 Qxd1+ 13.Rxd1 Bxc3+ 14.bxc3 fxe6
15.Bc4 Ke7 16.f3 Ba6 17.Bd3 Bxd3 18.cxd3 Rd8 19.Kf2 Rd5 20.Rhe1 Nd7 21.d4 
Rf8 22.Ne2 Ra5 23.Nf4 Rf6 24.Rd3 Kf7 25.Rde3 Nf8 26.d5 e5 27.Rxe5 Ng6 28.
Nxg6 Kxg6 29.Re7 c6 30.Rc7 Rxa3 31.Ree7 h6 32.Rg7+ Kh5 33.dxc6 Rxc3 34.
Rxa7 Rcxc6 35.Ra2 b5 36.Rb2 Rb6 37.Rb4 Rg6 38.Rc7 Ra6 39.Rc5 Ra2+ 40.Ke3 
Rgxg2 41.Rxf5+ Rg5 42.Rxg5+ 1/2-1/2

[Event "40th NED-ch"]
[Site "Hilversum NED"]
[Date "1984.09.06"]
[Round "6"]
[White "Kuijpers, Franciscus"]
[Black "Van der Sterren, Paul"]
[Result "1/2-1/2"]
[WhiteElo "2365"]
[BlackElo "2455"]
[EventDate "1984.08.31"]
[PlyCount "84"]

1.e4 e6 2.d4 d5 3.Nc3 Bb4 4.Ne2 Nf6 5.Bg5 dxe4 6.a3 Be7 7.Bxf6 gxf6 8.Nxe4
b6 9.N2c3 Bb7 10.Bc4 f5 11.Ng3 c6 12.Qd3 Nd7 13.O-O-O Qc7 14.Rhe1 O-O-O 
15.Nxf5 Bf6 16.Ng3 Ne5 17.Qe2 Nxc4 18.Qxc4 Qf4+ 19.Kb1 Rxd4 20.Rxd4 Qxd4 
21.Qxd4 Bxd4 22.Nce4 Rf8 23.c3 Be5 24.Nh5 Bc7 25.Nhf6 h6 26.Kc2 Rd8 27.g3 
Ba6 28.Rd1 c5 29.h4 Rxd1 30.Kxd1 Bb7 31.Ke2 Kd8 32.Ke3 Ke7 33.f4 Bxe4 34.
Nxe4 f5 35.Nd2 e5 36.h5 b5 37.c4 a6 38.b3 Ke6 39.Nf3 e4 40.Nh4 Bd8 41.Ng2 
Bf6 42.Ke2 Bd4 1/2-1/2

[Event "40th NED-ch"]
[Site "Hilversum NED"]
[Date "1984.09.09"]
[Round "8"]
[White "Ree, Hans"]
[Black "Bohm, Hans"]
[Result "1-0"]
[WhiteElo "2465"]
[BlackElo "2415"]
[EventDate "1984.08.31"]
[PlyCount "101"]

1.c4 c5 2.Nc3 Nf6 3.g3 d5 4.cxd5 Nxd5 5.Bg2 Nc7 6.d3 e5 7.Qb3 Nc6 8.Bxc6+ 
bxc6 9.Nf3 f6 10.Ne4 Ne6 11.Qa4 Qb6 12.Nfd2 Bd7 13.O-O Qb4 14.Qd1 f5 15.
Nc3 Be7 16.Nc4 Qb8 17.b3 O-O 18.Bb2 g5 19.Rc1 g4 20.Na4 Nd4 21.Nd2 Qb4 22.
Rc4 Qa5 23.Bc3 Qb5 24.e3 Be6 25.exd4 cxd4 26.Bb2 Bxc4 27.Nxc4 Rae8 28.Qe2 
Bb4 29.a3 Bc5 30.Rc1 Re6 31.Ne3 Bb6 32.Nxf5 h5 33.Nxd4 Bxd4 34.Bxd4 Qd5 
35.Nc5 Re7 36.Be3 Rf3 37.b4 Kg7 38.Ne4 Rd7 39.Rc3 a5 40.bxa5 Qxa5 41.Qb2 
Rf5 42.Nc5 Re7 43.Rc1 Qd8 44.a4 Kh7 45.Ra1 h4 46.gxh4 Ref7 47.Ne6 Qxh4 48.
Qb4 Kg6 49.Qe4 Rf6 50.Nc5 Rf7 51.Qxc6+ 1-0

[Event "40th NED-ch"]
[Site "Hilversum NED"]
[Date "1984.09.10"]
[Round "9"]
[White "Kuijpers, Franciscus"]
[Black "Kuijf, Marinus"]
[Result "1/2-1/2"]
[WhiteElo "2365"]
[BlackElo "2405"]
[EventDate "1984.08.31"]
[PlyCount "80"]

1.e4 e6 2.d4 d5 3.Nc3 Bb4 4.Ne2 dxe4 5.a3 Bxc3+ 6.Nxc3 Nc6 7.Bb5 Ne7 8.Bg5
f6 9.Be3 a6 10.Bxc6+ Nxc6 11.Qd2 O-O 12.O-O-O e5 13.d5 Ne7 14.Nxe4 Bf5 15.
f3 Nc8 16.g4 Bxe4 17.fxe4 Nd6 18.Qd3 Qd7 19.Rhg1 Rf7 20.b3 a5 21.c4 b6 22.
Kb2 Rff8 23.Rc1 Kh8 24.c5 bxc5 25.Rxc5 Rfb8 26.h3 Rb7 27.Rgc1 Rab8 28.Rxa5
Rxb3+ 29.Qxb3 Rxb3+ 30.Kxb3 h5 31.a4 Nxe4 32.Rb5 f5 33.gxf5 Qxf5 34.Ka3 
Qxh3 35.Rb3 Qd7 36.a5 Qxd5 37.Ka4 Qd7+ 38.Ka3 Qd5 39.Ka4 Nd6 40.a6 Qe4+ 
1/2-1/2

[Event "40th NED-ch"]
[Site "Hilversum NED"]
[Date "1984.09.11"]
[Round "10"]
[White "Van Wijgerden, Cornelis"]
[Black "Bohm, Hans"]
[Result "1/2-1/2"]
[WhiteElo "2435"]
[BlackElo "2415"]
[EventDate "1984.08.31"]
[PlyCount "85"]

1.e4 e6 2.d4 d5 3.Nc3 Bb4 4.Ne2 Nf6 5.Bg5 dxe4 6.a3 Be7 7.Bxf6 gxf6 8.Nxe4
b6 9.N2c3 Bb7 10.Bc4 f5 11.Ng3 c6 12.O-O Ba6 13.Bxa6 Nxa6 14.Re1 Nc7 15.
Qe2 Qd6 16.Rad1 Rd8 17.Nb1 Kf8 18.c3 Nd5 19.Nd2 Nf4 20.Qf3 Ng6 21.Qh5 Qf4 
22.Nf3 Rg8 23.Ne2 Qd6 24.Rd3 Rg7 25.Re3 f4 26.Rd3 Qd5 27.Qxd5 cxd5 28.Ne5 
Bd6 29.Nc1 Bxe5 30.dxe5 Nh4 31.g3 Rc8 32.Nb3 Rg5 33.Nd4 Ke7 34.Kf1 fxg3 
35.hxg3 Nf5 36.Nxf5+ Rxf5 37.Rd4 h5 38.Kg2 a5 39.f4 f6 40.exf6+ Kxf6 41.
Kf3 Ke7 42.Rd2 b5 43.Rd4 1/2-1/2